[Event "GER Seniors Derby 17th"]
[Site "Wesel Undeloh"]
[Date "2018.03.17"]
[Round "6"]
[White "Spiess, Diethard"]
[Black "Driesner, Norbert"]
[Result "0-1"]
[WhiteElo "1237"]
[BlackElo "1377"]
[PlyCount "96"]
[EventDate "2018.03.15"]
[EventType "swiss"]
[EventRounds "7"]
[EventCountry "GER"]
[SourceTitle "EXT 2019"]
[Source "ChessBase"]
[SourceDate "2018.10.10"]
[SourceVersion "1"]
[SourceVersionDate "2018.10.10"]
[SourceQuality "1"]

1. e4 e5 2. Nf3 Nc6 3. Bc4 Bc5 4. d3 h6 5. 0-0 Nf6 6. Nh4 d6 7. h3 Nxe4 8. Qf3 Nf6 9. Nf5 Bxf5 10. Qxf5 Nd4 11. Qxf6 Qxf6 12. Na3 Bxa3 13. bxa3 Nxc2 14. Rb1 Rb8 15. Be3 Nxa3 16. Rbc1 Nxc4 17. Rxc4 c5 18. Re1 0-0 19. a4 b5 20. axb5 Rxb5 21. Ra4 Ra8 22. Rea1 a5 23. Bd2 Qd8 24. Kf1 Qb6 25. Rg4 h5 26. Re4 Rb1+ 27. Re1 Rxe1+ 28. Kxe1 a4 29. Bc1 Qb3 30. Kd2 a3 31. Rxa3 Rxa3 32. Bxa3 Qxa3 33. g4 hxg4 34. hxg4 d5 35. Ke3 Qc1+ 36. Kf3 Qf4+ 37. Ke2 Qxg4+ 38. f3 Qg2+ 39. Ke3 f5 40. d4 Qg1+ 41. Kd3 Qxd4+ 42. Ke2 c4 43. f4 e4 44. Ke1 Qb2 45. Kd1 e3 46. Ke1 Qd2+ 47. Kf1 c3 48. Kg1 c2 0-1